Management <A> Book of Readings

Gespeichert in:
Bibliographische Detailangaben
1. Verfasser: Koontz, Harold
Weitere Verfasser: O'Donnell, Cyril
Format: Buch
Sprache:Englisch
Veröffentlicht: New York MacGraw-Hill Book Co. 1968
Ausgabe:2. ed.
Tags: Tag hinzufügen
Keine Tags, Fügen Sie das erste Tag hinzu!

MARC

LEADER 00000nam a2200000 4500
001 c034320
005 20221220102128.8
041 0 |a eng 
044 |a US 
245 1 0 |a Management  |b <A> Book of Readings  |c Harold Koontz, Cyril O'Donnell 
250 |a 2. ed. 
264 1 |a New York  |b MacGraw-Hill Book Co.  |c 1968 
300 |a 682 s. 
100 1 |a Koontz, Harold 
700 1 |a O'Donnell, Cyril